Missing Word: Instruments in Song Titles Quiz Stats

 Plays Quiz Updated Dec 3, 2014

Challenge
Share
Tweet
Embed
Score 0/14 Timer 02:00
0 Plays Today
Song Title Instrument % Correct
Bang the ______ All DayDrum
97.9%
______ ManPiano
94.2%
While My ______
Gently Weeps
Guitar
93.3%
Dueling ______Banjos
75.3%
Ring Them ______Bells
73.4%
Mr. ______ ManTambourine
67.4%
Bang a ______
(Get It On)
Gong
59.8%
Song Title Instrument % Correct
The Seventh ______Trumpet
53.7%
Sax and _____Violins
47.5%
Sound Your Funky ______Horn
45.9%
The ______ SongSaxophone
33%
______ RainMandolin
17.4%
Hey ______ ManHarmonica
13.1%
______ from BaghdadBagpipes
10.8%

Today's Daily Dose

Missing Word
Entertainment 'L'

Word Ladder
Fingers

Quick Pick
When in Rome

On This Day
December 15th II

You're not logged in!

Compare scores with friends on all Sporcle quizzes.
OR
Log In

You Might Also Like...

Show Comments

Extras

Top Quizzes Today


Score Distribution

Your Account Isn't Verified!

In order to create a playlist on Sporcle, you need to verify the email address you used during registration. Go to your Sporcle Settings to finish the process.

Report this User

Report this user for behavior that violates our Community Guidelines.

Details: